| 000 | 00791nam a22002057a 4500 | ||
|---|---|---|---|
| 005 | 20241028110312.0 | ||
| 008 | s2522 th tha d | ||
| 040 | _aNALT | ||
| 041 | _atha | ||
| 100 | 0 | _aกนกศักดิ์ เวชยานนท์ | |
| 245 | 1 | 0 | _aคู่มือทนายความในการดำเนินคดีอาญา [2nd] |
| 260 | 3 |
_aกรุงเทพฯ : _bนิติบรรณการ, _c2522 |
|
| 300 |
_a226 หน้า ; _b 26 ซม. |
||
| 650 | 0 | 4 | _aการดำเนินคดีอาญา |
| 650 | 0 | 4 | _aทนายความ -- คู่มือ |
| 850 | _aNALT | ||
| 942 |
_cLB _2lcc _02 |
||
| 999 |
_c18002 _d18002 |
||
| 998 |
_j111 _k นางสาวพจพิณ พรมเอี่ยม |
||
| 090 | _aKU135 ก125ค 2522 | ||